Statistics for Are You A Bandwagon Patriots Fan?

Click here to take the quiz!

General Stats

  • This quiz has been taken 1,101 times
  • The average score is 5 of 8

Answer Stats

QuestionesAnswer% Correct
How many Super Bowls have the Patriots been to?9
93%
Who was the Quarterback before Tom Brady?Drew Bledsoe
91%
How many Pro Bowls has Tom Brady been to?12
87%
What was Tom Brady's draft number?199
75%
What year did the Patriots win their first Conference Championship?1985
56%
What is Tom Brady's worst season record ever?9-7
52%
Who was the Patriots head coach before Bill BelichickBill Parcells
31%
Who was the first Patriots Quarterback that brought them to the Super BowlSteve Grogan
29%

Score Distribution

Percentile by Number Answered

Percent of People with Each Score

Your Score History

You have not taken this quiz